|
|
|
|
| LEADER |
00000nam0a2200000 4500 |
| 001 |
304120 |
| 005 |
20231102001653.0 |
| 020 |
|
|
|a RU
|b 83-29432
|
| 035 |
|
|
|a (RuTPU)RU\TPU\book\329355
|
| 090 |
|
|
|a 304120
|
| 100 |
|
|
|a 20150910d1982 km y0rusy5003 ca
|
| 101 |
0 |
|
|a rus
|
| 102 |
|
|
|a RU
|
| 105 |
|
|
|a a z 001zy
|
| 200 |
1 |
|
|a Вариационные методы в топологии
|f А. Т. Фоменко
|
| 210 |
|
|
|a Москва
|c Наука
|d 1982
|
| 215 |
|
|
|a 343 с.
|c ил.
|
| 320 |
|
|
|a Библиогр.: с. 336-340
|
| 320 |
|
|
|a Предм. указ.: с. 341-343
|
| 606 |
1 |
|
|a Топология
|2 stltpush
|3 (RuTPU)RU\TPU\subj\60999
|9 78215
|
| 610 |
1 |
|
|a вариационные методы
|
| 610 |
1 |
|
|a вариационные задачи
|
| 610 |
1 |
|
|a когомологии
|
| 610 |
1 |
|
|a гомологии
|
| 610 |
1 |
|
|a многомерные задачи
|
| 610 |
1 |
|
|a замкнутые поверхности
|
| 610 |
1 |
|
|a минимальные поверхности
|
| 610 |
1 |
|
|a минимизация
|
| 675 |
|
|
|a 515.1
|z rus
|v 3
|
| 700 |
|
1 |
|a Фоменко
|b А. Т.
|g Анатолий Тимофеевич
|4 070
|
| 801 |
|
0 |
|a RU
|b RuMRKP
|c 19950704
|g psbo
|
| 801 |
|
1 |
|a RU
|b 63413507
|c 20150910
|
| 801 |
|
2 |
|a RU
|b 63413507
|c 20190624
|g RCR
|
| 942 |
|
|
|c BK
|